|
|
|
|
| LEADER |
00000caa a2200000 c 4500 |
| 001 |
360614515 |
| 003 |
DE-627 |
| 005 |
20240716143108.0 |
| 007 |
tu |
| 008 |
030213s1986 xx ||||| 00| ||und c |
| 020 |
|
|
|a 3789012378
|
| 035 |
|
|
|a (DE-627)360614515
|
| 035 |
|
|
|a (DE-599)GBV360614515
|
| 040 |
|
|
|a DE-627
|b ger
|c DE-627
|e rakwb
|
| 084 |
|
|
|a 0
|2 ssgn
|
| 100 |
1 |
|
|a Voelter, Wolfgang
|4 aut
|
| 245 |
1 |
4 |
|a The international Islamic medicine conference in Kuwait - a contribution to Arab renaissance
|
| 264 |
|
1 |
|c 1986
|
| 336 |
|
|
|a Text
|b txt
|2 rdacontent
|
| 337 |
|
|
|a ohne Hilfsmittel zu benutzen
|b n
|2 rdamedia
|
| 338 |
|
|
|a Band
|b nc
|2 rdacarrier
|
| 601 |
|
|
|a Internationale
|
| 601 |
|
|
|a Renaissance
|
| 700 |
1 |
|
|a Herzog, Richard
|4 aut
|
| 773 |
0 |
8 |
|i In
|t Islamic cultural identity and scientific-technological development
|b 1. Aufl.
|d Baden-Baden : Nomos-Verlagsgesellschaft, 1986
|g (1986), Seite 155-158
|h 178 S
|w (DE-627)027007448
|w (DE-576)012502375
|z 3789012378
|7 nnam
|
| 773 |
1 |
8 |
|g year:1986
|g pages:155-158
|
| 951 |
|
|
|a AR
|
| ELC |
|
|
|b 1
|
| ITA |
|
|
|a 1
|t 1
|
| ORI |
|
|
|a SA-MARC-ixtheo_oa001.raw
|
| REL |
|
|
|a 1
|
| SUB |
|
|
|a REL
|